000 00607nam a2200229Ia 4500
003 OSt
005 20221006163811.0
006 a|||||r|||| 00| 0
007 ta
008 221006b |||||||| |||| 00| 0 eng d
024 _a2,400
037 _cTextual
040 _aFML
_cFML
_beng
041 _2eng
_aeng
082 _aNR5,92n, J5.1 -.7
100 _aRosenthal Hardd Ed.
_9675809
245 0 _aOpera Annual
260 _aLondon
_bJohn Calder
_c1995
300 _aVarious Page
_ccm.
942 _hNR5,92n, J5.1 -.7
_cTEXL
_2CC
999 _c1115313
_d1115313